00361 2200145 4500001002100000008004100021035002000062245004700082100001200129260002000141300002000161082001100181650001000192990001300202INLIS000000000000120 ind  a0010-0322000120 aDONGENG FABEL ASAL-USUL DARI 5 BENUAcIKHA aASKALIN bDIVA KIDSc2014 a48 hlm.c27 cm. a398.24 aFABEL a102258-1